[Event "Alto Sangro op 10th"]
[Site "Castel di Sangro "]
[Date "2010.12.05"]
[Round "5"]
[White "Cullen, Anthony P"]
[Black "Trifoglio, Giovanni"]
[Result "1-0"]
[WhiteElo "2150"]
[BlackElo "1896"]
[PlyCount "97"]
[EventDate "2010.12.03"]
[EventType "swiss"]
[EventRounds "6"]
[EventCountry "ITA"]
[SourceTitle "EXT 2012"]
[Source "ChessBase"]
[SourceDate "2011.11.24"]
[SourceVersion "1"]
[SourceVersionDate "2011.11.24"]
[SourceQuality "1"]

1. Nf3 Nf6 2. d4 g6 3. Nc3 d5 4. Bf4 Bg7 5. Qc1 Ne4 6. e3 c5 7. Nb5 Qa5+ 8. c3 Na6 9. dxc5 Bd7 10. Nbd4 Qxc5 11. Be2 0-0 12. 0-0 f6 13. Nb3 Qb6 14. Nfd2 e5 15. Bg3 Nxg3 16. hxg3 Rac8 17. Qd1 Ba4 18. Nf3 Rfd8 19. Bxa6 bxa6 20. Qd2 Rb8 21. Rfd1 Bc6 22. Qc2 a5 23. Rab1 Ba4 24. e4 Bxb3 25. axb3 dxe4 26. Qxe4 Qxb3 27. Nd2 Qa2 28. Qc4+ Qxc4 29. Nxc4 a4 30. Rxd8+ Rxd8 31. Ra1 Rd7 32. Kf1 Bf8 33. Ke2 Kf7 34. Rxa4 Bh6 35. Ne3 f5 36. c4 f4 37. gxf4 exf4 38. Nd5 g5 39. Kf3 Bg7 40. b4 h6 41. Kg4 Bd4 42. Ra6 Bg7 43. Kf5 Rb7 44. Ke4 Bf8 45. c5 Ke8 46. c6 Rf7 47. c7 Kd7 48. Rxa7 Bd6 49. c8Q+ 1-0

[Event "Positano op 6th"]
[Site "Positano"]
[Date "2009.12.08"]
[Round "7"]
[White "Trifoglio, Giovanni"]
[Black "Messina, Salvatore"]
[Result "1-0"]
[WhiteElo "1917"]
[BlackElo "1631"]
[PlyCount "93"]
[EventDate "2009.12.05"]
[EventType "swiss"]
[EventRounds "7"]
[EventCountry "ITA"]
[SourceTitle "EXT 2012"]
[Source "ChessBase"]
[SourceDate "2011.11.24"]
[SourceVersion "1"]
[SourceVersionDate "2011.11.24"]
[SourceQuality "1"]

1. e4 c5 2. c3 Nf6 3. e5 Nd5 4. d4 cxd4 5. Nf3 e6 6. Bd3 d6 7. exd6 Bxd6 8. 0-0 Nc6 9. a3 Qc7 10. cxd4 0-0 11. Nc3 Nf4 12. Nb5 Qb8 13. Bb1 Be7 14. Qc2 g6 15. Nc3 Bf6 16. Be3 e5 17. dxe5 Nxe5 18. Nxe5 Qxe5 19. Ba2 Bf5 20. Qa4 Nd3 21. Qb3 b6 22. Bh6 Bg7 23. Bxg7 Kxg7 24. Bb1 Rad8 25. Bxd3 Rxd3 26. Rfe1 Qd6 27. h3 Bxh3 28. gxh3 Rxh3 29. Qd5 Qh2+ 30. Kf1 Rh5 31. Qg2 Qc7 32. Rac1 Rd8 33. Ne4 Qf4 34. Ng3 Rg5 35. Qe4 Qf6 36. Qe7 Qxe7 37. Rxe7 h5 38. Rcc7 Rf8 39. Rxa7 h4 40. Ne4 Rg4 41. f3 Rf4 42. Kf2 Rh8 43. Ng5 h3 44. Ne6+ Kg8 45. Nxf4 h2 46. Re8+ Kg7 47. Rxh8 1-0

[Event "Positano op 6th"]
[Site "Positano"]
[Date "2009.12.06"]
[Round "3"]
[White "Sanchez, Joseph"]
[Black "Trifoglio, Giovanni"]
[Result "1-0"]
[WhiteElo "2487"]
[BlackElo "1917"]
[PlyCount "57"]
[EventDate "2009.12.05"]
[EventType "swiss"]
[EventRounds "7"]
[EventCountry "ITA"]
[SourceTitle "EXT 2012"]
[Source "ChessBase"]
[SourceDate "2011.11.24"]
[SourceVersion "1"]
[SourceVersionDate "2011.11.24"]
[SourceQuality "1"]

1. e4 c5 2. Nf3 e6 3. d4 cxd4 4. Nxd4 Nc6 5. Nb5 d6 6. Bf4 e5 7. Be3 Nf6 8. Bg5 Be6 9. N1c3 a6 10. Na3 Be7 11. Nc4 b5 12. Bxf6 gxf6 13. Ne3 Qa5 14. Bd3 h5 15. 0-0 h4 16. Ncd5 Qd8 17. c3 Rb8 18. a4 b4 19. Bxa6 h3 20. g3 bxc3 21. Bb5 Bd7 22. bxc3 Qc8 23. Nxe7 Nxe7 24. Qxd6 Bxb5 25. axb5 Rxb5 26. Qxf6 Rg8 27. Ra7 Rb7 28. Rxb7 Qxb7 29. Qxe5 1-0